[Event "Warsaw Najdorf Memorial op-A 15th"]
[Site "Warsaw"]
[Date "2017.07.17"]
[Round "9"]
[White "Ghadiri, Radmehr"]
[Black "Kowalczyk, Rafal"]
[Result "0-1"]
[WhiteElo "2125"]
[BlackElo "2240"]
[PlyCount "106"]
[EventDate "2017.07.09"]
[EventType "swiss"]
[EventRounds "9"]
[EventCountry "POL"]
[SourceTitle "CBM 179 Extra"]
[Source "ChessBase"]
[SourceDate "2017.08.23"]
[SourceVersion "1"]
[SourceVersionDate "2017.08.23"]
[SourceQuality "1"]

1. d4 Nf6 2. c4 e6 3. Nc3 Bb4 4. Qc2 d5 5. cxd5 Qxd5 6. Nf3 c5 7. e3 Nc6 8. Bd2 Bxc3 9. Bxc3 cxd4 10. Nxd4 Nxd4 11. Bxd4 Bd7 12. Qc4 0-0 13. Bxf6 Qxc4 14. Bxc4 gxf6 15. Ke2 Rac8 16. Rac1 Bc6 17. Bd3 f5 18. Rhd1 Kg7 19. f3 Kf6 20. Rc3 Rcd8 21. Bc2 Rxd1 22. Bxd1 Rg8 23. g3 h5 24. Bc2 h4 25. Kf2 hxg3+ 26. hxg3 Rh8 27. Kg2 e5 28. e4 fxe4 29. Bxe4 Bxe4 30. fxe4 Rd8 31. Kf3 Rd2 32. Ra3 a6 33. Rb3 b5 34. Ra3 Rd6 35. Rc3 Kg5 36. a3 Rd2 37. Rc6 Rxb2 38. Rxa6 Rb3+ 39. Kf2 Rc3 40. Ra7 f5 41. exf5 Kxf5 42. Ra5 Rb3 43. a4 b4 44. g4+ Kf4 45. g5 Rb2+ 46. Ke1 e4 47. g6 Rg2 48. Rb5 Kf3 49. Rxb4 e3 50. Kd1 e2+ 51. Kd2 Rg1 52. Rb3+ Kf2 53. Re3 Rd1+ 0-1

[Event "Warsaw Najdorf Memorial op-A 15th"]
[Site "Warsaw"]
[Date "2017.07.14"]
[Round "6"]
[White "Karpus, Michal"]
[Black "Ghadiri, Radmehr"]
[Result "1-0"]
[WhiteElo "2291"]
[BlackElo "2125"]
[PlyCount "138"]
[EventDate "2017.07.09"]
[EventType "swiss"]
[EventRounds "9"]
[EventCountry "POL"]
[SourceTitle "CBM 179 Extra"]
[Source "ChessBase"]
[SourceDate "2017.08.23"]
[SourceVersion "1"]
[SourceVersionDate "2017.08.23"]
[SourceQuality "1"]

1. e4 c5 2. Nf3 d6 3. d4 cxd4 4. Nxd4 Nf6 5. Nc3 a6 6. Bg5 Nbd7 7. Bc4 Qa5 8. Qd2 e6 9. 0-0-0 b5 10. Bb3 Be7 11. Nc6 Qc7 12. Nxe7 Kxe7 13. Rhe1 h6 14. Bh4 g5 15. Bg3 e5 16. h4 Rg8 17. hxg5 hxg5 18. f4 exf4 19. Nd5+ Nxd5 20. Qxd5 Rg7 21. e5 Nxe5 22. Qxa8 fxg3 23. Qf3 Be6 24. Qxg3 Bxb3 25. Qxb3 Qc6 26. Qa3 f6 27. Rd2 Rg8 28. Qh3 Rf8 29. Qf5 Qc4 30. Kb1 Qe6 31. Qe4 Rh8 32. Qb7+ Kf8 33. b3 Nd3 34. Red1 Nc5 35. Qb8+ Kg7 36. Qc7+ Qf7 37. Qc6 Qb7 38. Rxd6 Qxc6 39. Rxc6 Ne4 40. Rd4 Nf2 41. Rd2 Ne4 42. Re2 f5 43. Kb2 b4 44. a3 a5 45. axb4 axb4 46. Re1 Rh6 47. Rc4 Rb6 48. Rexe4 fxe4 49. Rxe4 Kf6 50. g4 Rb7 51. Kc1 Rb5 52. Kd2 Rd5+ 53. Ke3 Rc5 54. Kd3 Rd5+ 55. Kc4 Rd2 56. Kxb4 Rxc2 57. Kb5 Rf2 58. Kc5 Rc2+ 59. Kd4 Rb2 60. Kc3 Rf2 61. b4 Rf1 62. b5 Rc1+ 63. Kd4 Rb1 64. Kc5 Rc1+ 65. Rc4 Re1 66. b6 Re5+ 67. Kc6 Re6+ 68. Kb5 Ke7 69. b7 Re1 1-0

[Event "Warsaw Najdorf Memorial op-A 15th"]
[Site "Warsaw"]
[Date "2017.07.11"]
[Round "3"]
[White "Ghadiri, Radmehr"]
[Black "Martin, Julian"]
[Result "0-1"]
[WhiteElo "2125"]
[BlackElo "2332"]
[PlyCount "70"]
[EventDate "2017.07.09"]
[EventType "swiss"]
[EventRounds "9"]
[EventCountry "POL"]
[SourceTitle "CBM 179 Extra"]
[Source "ChessBase"]
[SourceDate "2017.08.23"]
[SourceVersion "1"]
[SourceVersionDate "2017.08.23"]
[SourceQuality "1"]

1. d4 Nf6 2. c4 b6 3. Nc3 Bb7 4. Qc2 d5 5. cxd5 Nxd5 6. e4 Nxc3 7. bxc3 e5 8. d5 Bc5 9. Bd3 Nd7 10. Ne2 Qe7 11. c4 h5 12. Bb2 Qg5 13. g3 h4 14. f4 Qh6 15. 0-0-0 0-0-0 16. Qd2 f6 17. Rhf1 Rdf8 18. Kb1 Qg6 19. fxe5 fxe5 20. Rf5 hxg3 21. Nxg3 Rxf5 22. exf5 Qg4 23. Re1 Ba6 24. Ne4 Qh4 25. Re2 Bg1 26. c5 Bxd3+ 27. Qxd3 Bxc5 28. Nxc5 Nxc5 29. Qg3 Qa4 30. Re1 e4 31. h4 Nd3 32. Qxg7 Rxh4 33. Qg3 Qb4 34. Qg8+ Kb7 35. Re2 Rh1+ 0-1

[Event "Warsaw Najdorf Memorial op-A 15th"]
[Site "Warsaw"]
[Date "2017.07.09"]
[Round "1"]
[White "Spitzl, Vinzent"]
[Black "Ghadiri, Radmehr"]
[Result "1-0"]
[WhiteElo "2348"]
[BlackElo "2125"]
[PlyCount "107"]
[EventDate "2017.07.09"]
[EventType "swiss"]
[EventRounds "9"]
[EventCountry "POL"]
[SourceTitle "CBM 179 Extra"]
[Source "ChessBase"]
[SourceDate "2017.08.23"]
[SourceVersion "1"]
[SourceVersionDate "2017.08.23"]
[SourceQuality "1"]

1. e4 e6 2. d4 d5 3. e5 c5 4. c3 Nc6 5. Nf3 Qb6 6. a3 f6 7. Bd3 fxe5 8. dxe5 g6 9. 0-0 Bg7 10. Re1 c4 11. Bc2 Nh6 12. Bxh6 Bxh6 13. b3 cxb3 14. Bxb3 0-0 15. Ra2 Bd7 16. Nbd2 Na5 17. Nd4 Rac8 18. Nb1 Rf4 19. Bc2 Nc6 20. Nf3 Rcf8 21. Nbd2 Bg7 22. Bd3 Qc7 23. Qe2 Na5 24. Rc2 Ba4 25. Rcc1 Nb3 26. Nxb3 Bxb3 27. Nd4 Rxf2 28. Qe3 Qc5 29. Nxb3 Qxe3 30. Rxe3 Bh6 31. Ree1 Bxc1 32. Nxc1 R2f4 33. Ne2 Ra4 34. Ra1 Kf7 35. Nd4 Rc8 36. Bb5 Ra5 37. Bd7 Rxc3 38. Bxe6+ Ke7 39. Rb1 b6 40. Rf1 Rcxa3 41. Rf7+ Ke8 42. Rxh7 Rc3 43. Bd7+ Kf8 44. e6 Ra1+ 45. Kf2 Ra2+ 46. Ne2 Rcc2 47. e7+ Kg8 48. e8Q+ Kxh7 49. Qf7+ Kh6 50. Qf4+ Kh7 51. Bg4 Rd2 52. Qf7+ Kh6 53. h4 d4 54. Qg8 1-0

[Event "Budapest Spring op"]
[Site "Budapest"]
[Date "2016.03.27"]
[Round "9"]
[White "Afshar, Niusha"]
[Black "Ghadiri, Radmehr"]
[Result "1/2-1/2"]
[WhiteElo "1937"]
[BlackElo "1936"]
[PlyCount "25"]
[EventDate "2016.03.18"]
[EventType "swiss"]
[EventRounds "9"]
[EventCountry "HUN"]
[SourceTitle "CBM 171 Extra"]
[Source "ChessBase"]
[SourceDate "2016.04.26"]
[SourceVersion "1"]
[SourceVersionDate "2016.04.26"]
[SourceQuality "1"]

1. e4 c6 2. d4 d5 3. Nc3 dxe4 4. Nxe4 Bf5 5. Ng3 Bg6 6. Nf3 Nd7 7. h4 h6 8. h5 Bh7 9. Bd3 Bxd3 10. Qxd3 e6 11. Bd2 Qc7 12. 0-0-0 0-0-0 13. Qe2 1/2-1/2

[Event "Budapest Spring op"]
[Site "Budapest"]
[Date "2016.03.19"]
[Round "2"]
[White "Ghadiri, Radmehr"]
[Black "Boguszlavszkij, Jevgenyij"]
[Result "0-1"]
[WhiteElo "1936"]
[BlackElo "2201"]
[PlyCount "136"]
[EventDate "2016.03.18"]
[EventType "swiss"]
[EventRounds "9"]
[EventCountry "HUN"]
[SourceTitle "CBM 171 Extra"]
[Source "ChessBase"]
[SourceDate "2016.04.26"]
[SourceVersion "1"]
[SourceVersionDate "2016.04.26"]
[SourceQuality "1"]

1. d4 d5 2. c4 e6 3. Nc3 Nf6 4. cxd5 exd5 5. Bg5 c6 6. e3 Qb6 7. Qc2 Ne4 8. Bf4 Bf5 9. Bd3 Na6 10. a3 Qa5 11. Rc1 Nxc3 12. Qxc3 Qxc3+ 13. Rxc3 Bxd3 14. Rxd3 Kd7 15. Ne2 Nc7 16. Kd2 Ne6 17. Bg3 h5 18. h4 Be7 19. f3 Rhd8 20. Nf4 g6 21. Nxe6 fxe6 22. Ke2 Bf6 23. Rd2 Re8 24. Bf4 Re7 25. Bg5 Bxg5 26. hxg5 e5 27. Re1 Rf8 28. g3 Rf5 29. e4 Rxg5 30. Kf2 Ke8 31. exd5 cxd5 32. Rde2 e4 33. fxe4 Rf7+ 34. Kg2 Kd7 35. e5 Ke6 36. Rf2 Rxf2+ 37. Kxf2 Rg4 38. Rd1 Re4 39. Rd3 Kd7 40. Kf3 b6 41. b3 Ke6 42. Kf2 g5 43. a4 a5 44. Rd2 h4 45. gxh4 gxh4 46. Rd3 Kf5 47. Re3 Kg5 48. Rd3 Kg4 49. Kg2 Kf4 50. Kh3 Kg5 51. Kh2 Re2+ 52. Kg1 Kf4 53. Rh3 Kg4 54. Rd3 h3 55. Kh1 h2 56. e6 Kf4 57. Rh3 Rxe6 58. Kxh2 Rg6 59. Rh4+ Ke3 60. Kh1 Kd3 61. Kh2 Kc3 62. Rh3+ Kxd4 63. Rf3 Ke4 64. Rh3 d4 65. Rh8 Kd3 66. Rc8 Ke2 67. Re8+ Kd2 68. Rd8 d3 0-1

[Event "Budapest Spring op"]
[Site "Budapest"]
[Date "2016.03.18"]
[Round "1"]
[White "Alhazzaa, Abdulrahman"]
[Black "Ghadiri, Radmehr"]
[Result "0-1"]
[WhiteElo "1398"]
[BlackElo "1936"]
[PlyCount "62"]
[EventDate "2016.03.18"]
[EventType "swiss"]
[EventRounds "9"]
[EventCountry "HUN"]
[SourceTitle "CBM 171 Extra"]
[Source "ChessBase"]
[SourceDate "2016.04.26"]
[SourceVersion "1"]
[SourceVersionDate "2016.04.26"]
[SourceQuality "1"]

1. c4 Nf6 2. Nc3 e6 3. d4 Bb4 4. Qc2 0-0 5. a3 Bxc3+ 6. bxc3 b6 7. Bg5 h6 8. Bxh6 gxh6 9. e4 Bb7 10. d5 exd5 11. cxd5 Nxe4 12. Bc4 Ba6 13. Bd3 Bxd3 14. Qxd3 Nc5 15. Qg3+ Qg5 16. Qxg5+ hxg5 17. Nf3 Nd3+ 18. Kd2 Nxf2 19. Rhf1 Ne4+ 20. Kd3 Nc5+ 21. Kc2 d6 22. Nd4 Nbd7 23. Rf3 Ne5 24. Rf5 f6 25. Raf1 Kg7 26. Ne6+ Nxe6 27. dxe6 Rae8 28. e7 Rxe7 29. h3 Nc4 30. Ra1 Ne3+ 31. Kb2 Nxf5 0-1

[Event "Balatonalmadi Pannonia Cup 18th"]
[Site "Balatonalmadi"]
[Date "2013.07.24"]
[Round "1"]
[White "Ghadiri, Radmehr"]
[Black "Marosi, Levente"]
[Result "1-0"]
[WhiteElo "1786"]
[BlackElo "2075"]
[PlyCount "55"]
[EventDate "2013.07.24"]
[EventType "swiss"]
[EventRounds "7"]
[EventCountry "HUN"]
[SourceTitle "EXT 2016"]
[Source "ChessBase"]
[SourceDate "2015.10.08"]
[SourceVersion "1"]
[SourceVersionDate "2015.10.08"]
[SourceQuality "1"]

1. d4 Nf6 2. c4 g6 3. Nc3 Bg7 4. Nf3 0-0 5. Bg5 d6 6. e3 c5 7. Be2 h6 8. Bh4 Bf5 9. 0-0 g5 10. Bg3 Nc6 11. d5 Nb8 12. Bd3 Bxd3 13. Qxd3 Nh5 14. e4 Nd7 15. Rab1 Rb8 16. a3 Qc8 17. Rfe1 Nxg3 18. hxg3 b6 19. Nd1 Ne5 20. Nxe5 Bxe5 21. Ne3 h5 22. Nf5 Qd7 23. Qe2 g4 24. Qd2 f6 25. Qh6 Rf7 26. Qg6+ Kf8 27. Qxh5 Rg7 28. Qh6 1-0

[Event "Budapest FS07 FM-B"]
[Site "Budapest"]
[Date "2013.07.15"]
[Round "10"]
[White "Ghadiri, Radmehr"]
[Black "Takacs, Zsolt Otto"]
[Result "1-0"]
[WhiteElo "1786"]
[BlackElo "1847"]
[PlyCount "89"]
[EventDate "2013.07.06"]
[EventType "tourn"]
[EventRounds "11"]
[EventCountry "HUN"]
[SourceTitle "CBM 155 Extra"]
[Source "ChessBase"]
[SourceDate "2013.08.26"]
[SourceVersion "1"]
[SourceVersionDate "2013.08.26"]
[SourceQuality "1"]

1. d4 Nf6 2. c4 g6 3. Nc3 d5 4. Nf3 Bg7 5. Bg5 Ne4 6. cxd5 Nxc3 7. bxc3 Qxd5 8. e3 Bg4 9. Be2 c6 10. Qb3 Qxb3 11. axb3 Nd7 12. h3 Be6 13. 0-0 h6 14. Bh4 g5 15. Bg3 0-0 16. Ra3 f5 17. Nd2 c5 18. Bf3 cxd4 19. cxd4 a5 20. Bxb7 Ra7 21. Bc6 Nb6 22. Rfa1 f4 23. exf4 gxf4 24. Bh4 Bxd4 25. Re1 Bc5 26. Ra2 Bf7 27. Re5 Bb4 28. Rb5 Nc8 29. Bf3 Rd8 30. Nc4 Nd6 31. Rxb4 Nf5 32. g3 Nxh4 33. gxh4 Rd3 34. Rb8+ Kg7 35. Ne5 Rxb3 36. Rxb3 Bxb3 37. Ra3 a4 38. Nc6 Rc7 39. Na5 Rc3 40. Kg2 e5 41. Nxb3 axb3 42. Ra7+ Kf6 43. Be4 Rc4 44. Kf3 Rb4 45. Rh7 1-0

[Event "Budapest FS07 FM-B"]
[Site "Budapest"]
[Date "2013.07.07"]
[Round "2"]
[White "Gruz, Janos"]
[Black "Ghadiri, Radmehr"]
[Result "1/2-1/2"]
[WhiteElo "1820"]
[BlackElo "1786"]
[PlyCount "25"]
[EventDate "2013.07.06"]
[EventType "tourn"]
[EventRounds "11"]
[EventCountry "HUN"]
[SourceTitle "CBM 155 Extra"]
[Source "ChessBase"]
[SourceDate "2013.08.26"]
[SourceVersion "1"]
[SourceVersionDate "2013.08.26"]
[SourceQuality "1"]

1. d4 Nf6 2. Nf3 b6 3. Bf4 Bb7 4. Nbd2 e6 5. e3 Ne4 6. Nxe4 Bxe4 7. Bd3 Bg6 8. 0-0 d6 9. c4 Nd7 10. e4 Bh5 11. h3 Qf6 12. Be3 e5 13. g4 1/2-1/2

[Event "Armen Norouz Cup 1st"]
[Site "Esfahan"]
[Date "2011.03.25"]
[Round "1"]
[White "Ghadiri, Radmehr"]
[Black "Khaje Hesamedini, Ali"]
[Result "0-1"]
[WhiteElo "1718"]
[BlackElo "2151"]
[PlyCount "66"]
[EventDate "2011.03.25"]
[EventType "swiss"]
[EventRounds "9"]
[EventCountry "IRI"]
[SourceTitle "CBM 141 Extra"]
[Source "ChessBase"]
[SourceDate "2011.05.03"]
[SourceVersion "1"]
[SourceVersionDate "2011.05.03"]
[SourceQuality "1"]

1. d4 d5 2. c4 c6 3. cxd5 cxd5 4. Nc3 Nf6 5. Nf3 Nc6 6. Bf4 Bf5 7. e3 e6 8. Qb3 Bb4 9. Be2 0-0 10. 0-0 Rc8 11. Rac1 Qe7 12. a3 Bxc3 13. bxc3 Ne4 14. c4 Na5 15. Qa2 dxc4 16. Bxc4 g5 17. Bg3 g4 18. Bh4 f6 19. Ne5 Qe8 20. f3 gxf3 21. gxf3 Nd6 22. Qg2+ Kh8 23. e4 fxe5 24. dxe5 Bg6 25. exd6 Nxc4 26. Be7 Rf7 27. Qa2 b5 28. Rfd1 Qd7 29. a4 a6 30. axb5 axb5 31. h4 Rxf3 32. Qh2 Qa7+ 33. Kh1 Bxe4 0-1